Kraje które gościły inaugurację sezonu F1 - Statystyki

Ogólne statystyki
  • Ten quiz został rozwiązany 18 razy
  • Średni wynik to 3 z 11
Answers on the Grid
Answers color-coded by a green-red scale on the quiz's grid according to % correct below.
Włochy
Belgia
Monako
Arabia Saudyjska
Wielka Brytania
Chiny
Azerbejdżan
Australia
Hiszpania
Węgry
RPA
Kanada
Bahrajn
Korea Południowa
Austria
USA
Nowa Zelandia
Brazylia
Maroko
Francja
Japonia
Meksyk
Holandia
Niemcy
Katar
Argentyna
Indie
Rosja
San Marino
Szwajcaria
 
Statystyki odpowiedzi
Odpowiedź % Poprawnych
Australia
63%
Bahrajn
63%
Wielka Brytania
56%
Monako
50%
Hiszpania
19%
USA
19%
Brazylia
13%
RPA
13%
Argentyna
6%
Holandia
0%
Szwajcaria
0%
Nie znaleziono quizów pasujących do podanych kryteriów
Rozkład punktacji
Procent ludzi z każdym wynikiem
Percentyl według liczby udzielonych odpowiedzi
Twoja historia wyników
Nie rozwiązałeś tego quizu